[Event "Bosnjaci op 26th"]
[Site "Bosnjaci"]
[Date "2022.01.05"]
[Round "4"]
[White "Stjepic, Borna"]
[Black "Grguric, Stjepan Kresimir"]
[Result "1-0"]
[WhiteElo "1860"]
[BlackElo "2107"]
[PlyCount "89"]
[EventDate "2022.01.03"]
[EventType "swiss"]
[EventRounds "9"]
[EventCountry "CRO"]
[SourceTitle "EXT 2023"]
[Source "ChessBase"]
[SourceDate "2022.10.05"]
[SourceVersion "1"]
[SourceVersionDate "2022.10.05"]
[SourceQuality "1"]

1. e4 c6 2. d4 d5 3. e5 Bf5 4. h4 h5 5. Bd3 Bxd3 6. Qxd3 e6 7. Bg5 Qb6 8. Nd2 Nd7 9. Ngf3 Ne7 10. 0-0 Nf5 11. c4 a6 12. Rfc1 dxc4 13. Nxc4 Qb5 14. a4 Qd5 15. a5 f6 16. Ne3 Qb5 17. Qxb5 axb5 18. Bf4 Bb4 19. a6 bxa6 20. Rxc6 Nxe3 21. Bxe3 Ke7 22. Raxa6 Rxa6 23. Rxa6 Rc8 24. d5 exd5 25. e6 Nc5 26. Ra7+ Kxe6 27. Nd4+ Ke5 28. Re7+ Kd6 29. Rxg7 Ne6 30. Nxb5+ Ke5 31. Rb7 Rc4 32. g3 d4 33. Bh6 d3 34. Rd7 Nd4 35. Nxd4 Rxd4 36. Bf4+ Rxf4 37. gxf4+ Ke4 38. Kf1 f5 39. Rb7 Bd2 40. b4 Kf3 41. b5 Ba5 42. Rd7 d2 43. Rd3+ Ke4 44. Ke2 Kxf4 45. Rxd2 1-0

[Event "CRO-chT U20 30th"]
[Site "Rabac"]
[Date "2021.04.06"]
[Round "1.2"]
[White "Stjepic, Borna"]
[Black "Zadro, Matej"]
[Result "1-0"]
[WhiteElo "1825"]
[BlackElo "1742"]
[PlyCount "37"]
[EventDate "2021.04.06"]
[EventType "team-tourn"]
[EventRounds "11"]
[EventCountry "CRO"]
[SourceTitle "CBM 201 Extra"]
[Source "ChessBase"]
[SourceDate "2021.05.31"]
[SourceVersion "1"]
[SourceVersionDate "2021.05.31"]
[SourceQuality "1"]
[WhiteTeam "Zupanja U20"]
[BlackTeam "Koprivnica U20"]
[WhiteTeamCountry "CRO"]
[BlackTeamCountry "CRO"]

1. e4 e5 2. Nc3 Nf6 3. f4 d5 4. fxe5 Nxe4 5. Qf3 Nxc3 6. bxc3 Be6 7. d4 c5 8. Qg3 Qa5 9. Bd2 Qa4 10. Rb1 Qxa2 11. Rxb7 Qa1+ 12. Kf2 c4 13. Nf3 Bc8 14. Bxc4 Qxh1 15. Bb5+ Bd7 16. Qg4 Be7 17. Bxd7+ Kf8 18. Bb5 Nc6 19. Bxc6 1-0